Drilling engineering / (Record no. 8621)
[ view plain ]
| 000 -LEADER | |
|---|---|
| fixed length control field | 01040nam a22003135a 4500 |
| 005 - DATE AND TIME OF LATEST TRANSACTION | |
| control field | 20150818151127.0 |
| 008 - FIXED-LENGTH DATA ELEMENTS--GENERAL INFORMATION | |
| fixed length control field | 081016t2007 okua|||fr|||| 001 0 eng d |
| 010 ## - LIBRARY OF CONGRESS CONTROL NUMBER | |
| LC control number | 2006034984 |
| 020 ## - INTERNATIONAL STANDARD BOOK NUMBER | |
| International Standard Book Number | 1593700725 (hbk.) |
| 020 ## - INTERNATIONAL STANDARD BOOK NUMBER | |
| International Standard Book Number | 9781593700720 (hbk.) |
| 035 ## - SYSTEM CONTROL NUMBER | |
| System control number | (OCoLC)ocm74029366 |
| 035 ## - SYSTEM CONTROL NUMBER | |
| System control number | (OCoLC)74029366 |
| 040 ## - CATALOGING SOURCE | |
| Original cataloging agency | EG-ScBUE |
| Language of cataloging | eng |
| Transcribing agency | EG-ScBUE |
| 082 04 - DEWEY DECIMAL CLASSIFICATION NUMBER | |
| Classification number | 622.3381 |
| Item number | AZA |
| Edition number | 22 |
| 100 1# - MAIN ENTRY--PERSONAL NAME | |
| Personal name | Azar, Jamal J., |
| 9 (RLIN) | 24657 |
| 245 10 - TITLE STATEMENT | |
| Title | Drilling engineering / |
| Statement of responsibility, etc | J.J. Azar, G. Robello Samuel. |
| 260 ## - PUBLICATION, DISTRIBUTION, ETC. (IMPRINT) | |
| Place of publication, distribution, etc | Tulsa : |
| Name of publisher, distributor, etc | PennWell Corporation, |
| Date of publication, distribution, etc | c.2007. |
| 300 ## - PHYSICAL DESCRIPTION | |
| Extent | x, 486 p. : |
| Other physical details | ill. ; |
| Dimensions | 24 cm. |
| 500 ## - GENERAL NOTE | |
| General note | Index : p. 473-486. |
| 504 ## - BIBLIOGRAPHY, ETC. NOTE | |
| Bibliography, etc | Bibliography : p. 465-471. |
| 590 ## - LOCAL NOTE (RLIN) | |
| Local note | yassmeen ashraf |
| 650 #0 - SUBJECT ADDED ENTRY--TOPICAL TERM | |
| Topical term or geographic name as entry element | Oil well drilling. |
| 9 (RLIN) | 24658 |
| Source of heading or term | BUEsh |
| 650 #0 - SUBJECT ADDED ENTRY--TOPICAL TERM | |
| Topical term or geographic name as entry element | Gas well drilling. |
| 9 (RLIN) | 24659 |
| Source of heading or term | BUEsh |
| 651 ## - SUBJECT ADDED ENTRY--GEOGRAPHIC NAME | |
| Source of heading or term | BUEsh |
| 653 ## - INDEX TERM--UNCONTROLLED | |
| Resource For college | Engineering, Petroleum |
| Arrived date list | August2015 |
| 700 1# - ADDED ENTRY--PERSONAL NAME | |
| Personal name | Samuel, G. Robello. |
| 9 (RLIN) | 24660 |
| 856 41 - ELECTRONIC LOCATION AND ACCESS | |
| Materials specified | Table of contents only |
| Uniform Resource Identifier | <a href="http://www.loc.gov/catdir/toc/ecip073/2006034984.html">http://www.loc.gov/catdir/toc/ecip073/2006034984.html</a> |
| 942 ## - ADDED ENTRY ELEMENTS (KOHA) | |
| Item type | Book - Borrowing |
| Call number prefix | 622.3381 AZA |
| Source of classification or shelving scheme | Dewey Decimal Classification |
| Withdrawn status | Item status | Source of classification or shelving scheme | Damaged status | Not for loan | Vendor | Home library | Current library | Shelving location | Date acquired | Source of acquisition | Total Checkouts | Total Renewals | Full call number | Barcode | Date last seen | Date last borrowed | Koha item type | Checked out | Materials specified (bound volume or other part) | Cost, normal purchase price | Serial Enumeration / chronology |
|---|---|---|---|---|---|---|---|---|---|---|---|---|---|---|---|---|---|---|---|---|---|
| Dewey Decimal Classification | Central Library | Central Library | First floor | 08/03/2016 | 27 | 77 | 622.3381 AZA | 000010558 | 11/10/2025 | 16/10/2018 | Book - Borrowing | ||||||||||
| Dewey Decimal Classification | Central Library | Central Library | First floor | 16/10/2008 | 24 | 167 | 622.3381 AZA | 000013670 | 15/07/2025 | 08/04/2021 | Book - Borrowing | ||||||||||
| Dewey Decimal Classification | Central Library | Central Library | First floor | 16/10/2008 | 13 | 65 | 622.3381 AZA | 000013671 | 28/09/2011 | 28/09/2011 | Book - Borrowing | 30/06/2014 | |||||||||
| Lost | Dewey Decimal Classification | Central Library | Central Library | First floor | 16/10/2008 | 2 | 1 | 622.3381 AZA | 000013658 | 22/09/2011 | 23/12/2008 | Book - Borrowing | Lost In Inventory_2015-8-23 | ||||||||
| Lost | Dewey Decimal Classification | Central Library | Central Library | First floor | 16/10/2008 | 6 | 46 | 622.3381 AZA | 000013669 | 16/01/2012 | 16/10/2011 | Book - Borrowing | Lost In Inventory_2005-2015/8/22 | ||||||||
| Dewey Decimal Classification | Central Library | Central Library | First floor | 16/10/2008 | 35 | 165 | 622.3381 AZA | 000013668 | 15/07/2025 | 02/10/2023 | Book - Borrowing | ||||||||||
| Dewey Decimal Classification | Baccah | Central Library | Central Library | First floor | 05/06/2011 | 24 | 158 | 622.3381 AZA | 000024054 | 15/07/2025 | 08/10/2018 | Book - Borrowing | 779.00 | 12336 | |||||||
| Dewey Decimal Classification | Central Library | Central Library | First floor | 16/08/2015 | Purchase | 622.3381 AZA | 000013672 | 15/07/2025 | NB - Book (Non borrowing) |